Mezinárodní srovnání populačního vývoje a populačních opatření v Evropě - 1982

Gespeichert in:
Bibliographische Detailangaben
1. Verfasser: Wynnyczuk, Vladimír
Weitere Verfasser: Macháček, Jaroslav, Faktorová, Františka
Format: Buch
Sprache:Tschechisch
Veröffentlicht: Praha Československý výzkumný ústav práce a sociálních věcí 1983
Schriftenreihe:Výzkumné práce, řada B č. 100
Tags: Tag hinzufügen
Keine Tags, Fügen Sie das erste Tag hinzu!

MARC

LEADER 00000nam a2200000 4500
001 c115837
005 20181203150333.6
041 0 |a cze 
044 |a CZ 
245 1 0 |a Mezinárodní srovnání populačního vývoje a populačních opatření v Evropě - 1982  |c Vladimír Wynnyczuk, Jaroslav Macháček, Františka Faktorová 
264 1 |a Praha  |b Československý výzkumný ústav práce a sociálních věcí  |c 1983 
300 |a 164 s. 
490 1 |a Výzkumné práce, řada B  |v č. 100 
830 0 |a Výzkumné práce, řada B  |v č. 100 
100 1 |a Wynnyczuk, Vladimír 
700 1 |a Macháček, Jaroslav 
700 1 |a Faktorová, Františka